Říkejte si se mnou /
Uložené v:
| Hlavný autor: | |
|---|---|
| Ďalší autori: | |
| Médium: | Kniha |
| Jazyk: | Czech |
| Vydané: |
Praha :
Státní nakladatelství dětské knihy,
1957.
|
| Vydanie: | 7. vyd. |
| ISBN: |
(viaz.) |
| Fyzický popis: |
[47] s. + : fareb. il. |
| Tagy: |
Pridať tag
Žiadne tagy, Buďte prvý kto otaguje tento záznam!
|
Titul je dostupný aj v ... 

MARC
| LEADER | 00000nam a22000001 4500 | ||
|---|---|---|---|
| 001 | 000463516 | ||
| 005 | 20150410222458.0 | ||
| 008 | 981209 1957 xr e cze d | ||
| 020 | |a (viaz.) |c Kčs 19,60 | ||
| 040 | |a SVKKK |b slo |c SVKKK |e AACR2 | ||
| 041 | 0 | |a cze | |
| 044 | |a xr |c CZ | ||
| 100 | 1 | |a Hrubín, František |d 1910-1971 |4 aut | |
| 245 | 1 | 0 | |a Říkejte si se mnou / |c [verše] František Hrubín ; barev. kresby Jiří Trnka. |
| 250 | |a 7. vyd. | ||
| 260 | |a Praha : |b Státní nakladatelství dětské knihy, |c 1957. | ||
| 300 | |a [47] s. + : |b fareb. il. | ||
| 366 | |e 20001-40000 výt. | ||
| 500 | |a v SNDK 2. vyd. | ||
| 500 | |a S fareb. il. predsádkami | ||
| 521 | 8 | |a Pre predškolský vek | |
| 700 | 1 | |a Trnka, Jiří, |d 1912-1969 |4 ill | |
| 910 | |a svkkk | ||
| 998 | |a BK | ||
| 090 | |g SCKHL |k Sklad Pribinova 1. posch. |a IV.12316 |j 143579 |i 463516-20 |s Prezenčne | ||
| 090 | |g SCKHL |k Sklad Pribinova 1. posch. |a IV.16172 |j 155090 |i 463516-10 |s Prezenčne | ||